UM Logo

Presidential statements on typhoon Yolanda. (Record no. 11172)

MARC details
000 -LEADER
fixed length control field 00510nam a22001577a 4500
003 - CONTROL NUMBER IDENTIFIER
control field OSt
005 - DATE AND TIME OF LATEST TRANSACTION
control field 20190302085540.0
008 - FIXED-LENGTH DATA ELEMENTS--GENERAL INFORMATION
fixed length control field 181015b ||||| |||| 00| 0 eng d
082 ## - DEWEY DECIMAL CLASSIFICATION NUMBER
Classification number DPer 959.9048 P53p May 2013- April 2014 v. 22-23
245 ## - TITLE STATEMENT
Title Presidential statements on typhoon Yolanda.
260 ## - PUBLICATION, DISTRIBUTION, ETC. (IMPRINT)
Place of publication, distribution, etc. San Miguel, Manila :
Name of publisher, distributor, etc. OP-Bureau of Communications Services,
Date of publication, distribution, etc. cMay 2013-cApr 2014.
300 ## - PHYSICAL DESCRIPTION
Extent v22 n6, page 69;
Dimensions 23 cm.
650 #0 - SUBJECT ADDED ENTRY--TOPICAL TERM
9 (RLIN) 32225
Topical term or geographic name as entry element Speeches.
650 #0 - SUBJECT ADDED ENTRY--TOPICAL TERM
Topical term or geographic name as entry element Statement
9 (RLIN) 36635
942 ## - ADDED ENTRY ELEMENTS (KOHA)
Source of classification or shelving scheme Dewey Decimal Classification
Koha item type Periodicals
Holdings
Withdrawn status Lost status Source of classification or shelving scheme Damaged status Not for loan Collection code Home library Current library Date acquired Total Checkouts Full call number Date last seen Price effective from Koha item type Public note
    Dewey Decimal Classification     Periodicals UM Digos College - LIC UM Digos College - LIC 10/15/2018   DPer 959.9048 P53p May 2013- April 2014 v. 22-23 10/15/2018 10/15/2018 Periodicals Periodical article